Prvý riaditeľ Knižnice SAVU - PhDr. Ján Mišianik

Bibliographic Details
Main Author: Horváthová, Marcela, 1939- (Author)
Format: Article
Language:Slovak
ISBN:8070905093
Subjects:
Online Access:http://www.snk.sk/swift_data/source/NBU/Zborniky/BZ_1996_97/Bib_zbor_1996_97_423_430.pdf

MARC

LEADER 00000nab a2200000 a 4500
001 vtls000811599
003 SK-MaSNL
005 20260304215948.0
008 150420c2000 xo 0 slo
015 |a SNBRA2002/11-36792 
035 |a CLN000163254 
040 |a SNKBUCL  |b slo  |c SNKBUCL  |e AACR2 
041 0 |a slo 
044 |a xo  |c SK 
080 |a 02-051  |2 1997 
080 |a 01-051  |2 1997 
080 |a 027.2:061.12(437.6)SAVU  |2 1997 
080 |a 061.12(437.6)SAVU  |2 1997 
080 |a 929 Mišianik, Ján  |2 1997 
100 1 |a Horváthová, Marcela,  |d 1939-  |4 aut  |9 120931 
245 1 0 |a Prvý riaditeľ Knižnice SAVU - PhDr. Ján Mišianik  |c Marcela Horváthová 
504 |a Bibliogr. odkazy 
600 1 7 |a Mišianik, Ján,  |d 1914-1972  |2 snkbucl  |9 216478 
610 2 7 |a Slovenská akadémia vied.  |b Ústredná knižnica  |2 snkbucl  |9 32422 
655 7 |a referáty  |2 snkbucl  |9 70611 
655 7 |a články zo zborníkov  |2 snkbucl  |9 166140 
773 0 |t Bibliografický zborník 1996-1997  |d Martin : Matica slovenská, 2000  |g S. 423-430  |z 8070905093 
850 |a Slovenská národná knižnica v Martine 
852 |a SNK  |b KIS3GCP 
856 4 1 |u http://www.snk.sk/swift_data/source/NBU/Zborniky/BZ_1996_97/Bib_zbor_1996_97_423_430.pdf 
999 |c 3149092  |d 3151022